Space Multiple Choice #3 - Statistics

General Stats
  • This quiz has been taken 80 times
  • The average score is 7 of 15
Answer Stats
Question Answer % Correct
What is the closest galaxy to us? Andromeda
85%
Why is Mars red? It has lots of rust and iron
85%
What is the "Great Red Spot" on Jupiter? A storm
77%
Where does nuclear fusion take place? In the sun
77%
Which of these is not a theory on how the universe will end? Big Bang
62%
What is Uranus's biggest moon? Titania
62%
What is Earth's axial tilt? 23 degrees
46%
How old is our Solar System? 4.6 billion years
38%
Where is the dwarf planet Ceres? Asteroid Belt
38%
How was the Moon created? During a massive collision
38%
What is the closest star to Earth other than the Sun? Proxima Centauri
38%
Which of these is the "Dog Star"? Sirius
38%
Which of these is not a Galilean Moon? Titania
31%
Which constellation is completely inside Ursa Major? The Big Dipper
23%
What kind of galaxy is the Milky Way? Barred Spiral
0%
No matching quizzes found
Score Distribution
Percent of People with Each Score
Percentile by Number Answered
Your Score History
You have not taken this quiz